000 00347nam a2200133 i 4500
001 bg
100 1 _aKRZYŻANOWSKI, J.
245 0 _aWłasności układu konstrukcyjnego obrabiarek skrawających /
_cJ. Krzyżanowski.
260 _aWrocław,
_c1990.
040 _cBPK
041 _apol
942 _cKS
008 s pl f |000 0 pol
999 _c29415
_d29415
856 _uhttp://koha.tu.koszalin.pl/cgi-bin/koha/opac-detail.pl?biblionumber=29415
_yKatalog online BPK